000 00379nam a2200157Ia 4500
008 221030s9999 xx 000 0 und d
041 _aEnglish
082 _a105.23
_bChh
100 _aR. K. Chhiber
245 0 _aText Book of Physics for class XII
260 _bMalhotra Borthers
_aJammu
_c1993
300 _a474
650 _aPhysics
700 _aC. M. Kamotra
942 _cBK
999 _c1061
_d1061